00874cam a22002414a 450000100040000000500170000402000180002104000230003905000230006208200140008510000270009924500690012625000170019526000410021230000460025350500080029952002100030752100210051752100200053865000250055865000120058370000370059588020250825135155.0 a9780439754217 aDLCcDLCdDLCbeng00aQL638.9bD426 200300a597.32211 aDavies, Nicola,d1958-10aSurprising sharks /cNicola Davies ; illustrated by James Croft. a1st U.S. ed. aCambridge, Mass. :bScholasticc2003 a29 pages : bcolor illustrations ;c26 cm aR  aIntroduces many different species of sharks, pointing out such characteristics as the small size of the dwarf lantern shark and the physical characteristics and behavior that makes sharks killing machines. a710 bLexile  aR bRax-Plus  0aSharksvNon-fiction. 1aSharks.1 aCroft, Jamesd1970-eillustrator